• 首页
  • 本馆介绍
  • 公告通知
  • 最新文献
  • 馆藏检索
  • 电子资源
  • 读者导购
  • 参考咨询
  • 我的图书馆
  • 登录
  • 详细信息显示
  • 放入我的书架
  • 预约/预借图书
  • 作者相关作品
  • 分类相关作品
  • 丛书相关作品
  • 出版社相关作品

书目信息

  • 表格格式
  • 工作单格式
  • 卡片格式
题名:
文学风格七讲
    
 
作者: 吴功正
分册:  
出版信息: 上海   上海文艺出版社  30468
页数: 153页
开本: 20cm
丛书名:
单 册:
中图分类: I0 2
科图分类:
主题词: 文学理论
电子资源:
ISBN:
000 00485nam0 2200181 450
001 0728815141
005 20070819080015.14
010    @d¥0.49
100    @a20070819d km y0chiy0120 ea
101 0  @achi
200 1  @a文学风格七讲@Awen xue feng ge qi jiang@f吴功正@Fwu gong zheng
210    @a上海@c上海文艺出版社@d30468
215    @a153页@d20cm
606 0  @a文学理论
690    @aI0 2@v3
701  0 @a吴功正@Awu gong zheng
801  0 @aCN@bPFT@c20070819
905    @a213230@dI0 2@eZW213@f1
    
    文学风格七讲/吴功正.-上海:上海文艺出版社,30468
    153页;20cm
    
    
    ISBN :¥0.49
    
●
相关链接 在E读中查询图书 在五车中查询图书 在当当中查询图书 在豆瓣中查询图书


正题名:文学风格七讲     索取号:I0 2/ZW213         预约/预借

序号 登录号 条形码 馆藏地/架位号 状态 备注
1 7604745   276047458   密集书库-文学院/ [索取号:I0 2/ZW213] 在馆    
唐山师范学院图书馆 欢迎您!
大连网信软件有限公司© 版权所有